| 000 | 00618nam a2200181Ia 4500 | ||
|---|---|---|---|
| 008 | 090123s9999 xx 000 0 und d | ||
| 082 | _b11327 | ||
| 100 | _aवाटवे मिलिंंद | ||
| 245 | _aआपली सृष्टी आपले धन | ||
| 250 | _a1 | ||
| 260 |
_bनिसर्ग प्रकाशन _c1985 |
||
| 300 | _a183 | ||
| 600 | _aवाटवे मिलिंंद | ||
| 630 | _aआपली सृष्टी आपले धन | ||
| 700 | _aवाटवे मिलिंंद | ||
| 730 | _aआपली सृष्टी आपले धन | ||
| 942 | _cBOOK | ||
| 999 |
_c49390 _d49390 |
||